Odpowiedzi na literę C - Statystyki

Ogólne statystyki
  • Ten quiz został rozwiązany 1 291 razy
  • Średni wynik to 7 z 11
Statystyki odpowiedzi
Hint Odpowiedź % Poprawnych
Państwo w Europie Srodkowej istniejące w latach 1918–1938 i 1945–1992 złożone z 2 państw Czechosłowacja
95%
Miasto na Ukrainie słynące z wybuchu reaktora Czarnobyl
93%
Zwierze domowe należące do rodziny gryzoni Chomik
89%
Państwo graniczące z Nigeria Czad
83%
Morze śródlądowe rozciągające się pomiędzy Azją na południu, Kaukazem na wschodzie Czarne
75%
Przyprawa kuchenna z wysuszonej kory Cynamon
66%
Miejscowość w której w 972 roku doszło do bitwy Cedynia
58%
Wieloosobowa gra strzelecka stworzona oraz wydana przez Valve Corporation CS:GO
43%
Państwo członkowskie w ZSRR Chiny
40%
Pierwiastek chemiczny, metal alkaliczny Cez
29%
Rzeka w południowej Polsce w dorzeczu Wisły Czarny Dunajec
6%
Nie znaleziono quizów pasujących do podanych kryteriów
Rozkład punktacji
Procent ludzi z każdym wynikiem
Percentyl według liczby udzielonych odpowiedzi
Twoja historia wyników
Nie rozwiązałeś tego quizu